000 00375 a2200097 4500
245 0 0 _aInterfejs elektronicznej aparatury pomiarowej - Równoległe przesyłanie informacji dyskretnej PN-76/T-06533 /
_cMin. Przem. Maszynowego.
246 1 3 _aPN-76/T-06533
246 1 3 _a621.317.7:621.38:681.3
260 _aWarszawa :
_bMin. Przem. Maszynowego,
_c1976.
300 _a6 stron ;
_c30 cm.
650 _aPolska norma
999 _c21051
_d21051